01822nam a2200313 450000100030000000300040000300500170000700800410002404000080006504100130007308200150008610000260010124000400012724501500016726000340031730000160035152009100036765000250127765000200130265000150132265000130133765000220135065000100137265500120138265500160139470000340141070000330144470000310147739OSt20250528074010.0250121b |||||||g |||| 00| 1 eng d bpor hengapor a813bB118h1 aBach, Richard,d1936- aJonathan Livingston Seagull-a story aA história de Fernão Capelo Gaivota /cBach, Richard ; Tradução de Antonio Ramos Rosa e Madalena Rosález ; Fotografia de Russell Munson aRio de JaneirobNordicac1975 a148 p.bil. aUm dia, enquanto pensava sobre a vida, o ex-piloto da Força Aérea americana Richard Bach escutou uma voz misteriosa que começou a lhe contar a história de uma gaivota que queria voar mais alto e mais rápido. Impressionado com a inexplicável inspiração, Bach escreveu tudo o que ouviu. Ao final, tinha em mãos uma das obras mais populares e importantes das últimas décadas: Fernão Capelo Gaivota , uma aventura emocionante sobre liberdade, que influenciou, motivou e mudou para melhor a vida de milhões de pessoas no mundo todo. Essa é uma história para pessoas que seguem seu coração e fazem suas próprias regras, pessoas que sentem um prazer especial em fazer algo bem, mesmo que apenas para si mesmas, pessoas que sabem que existe mais no mundo do que aquilo que se pode ver - elas estão lá, com Fernão, voando mais alto e mais rápido do que jamais sonharam. 0aLiteratura Americana 0aEspiritualidade 0aFilosofia  0aAnimais  0aAuto Conhecimento 0aFilme 0aRomance 0aFicção  aAntonio Ramos Rosa eTradutor aMadalena RosálezeTradutor aRussell MunsoneFotografia